ARRUPE JESUIT UNIVERSITY

CORONAVIRUS -STOP THE SPREAD - CLEAN,DISINFECT,COVER

Nature's Capacities and their Measurement/ (Record no. 121751)

MARC details
000 -LEADER
fixed length control field 00645nam a22002057a 4500
008 - FIXED-LENGTH DATA ELEMENTS--GENERAL INFORMATION
fixed length control field 150119b xxu||||| |||| 00| 0 eng d
020 ## - INTERNATIONAL STANDARD BOOK NUMBER
International Standard Book Number 0198244770
050 ## - LIBRARY OF CONGRESS CALL NUMBER
Classification number QC6.4 C3 C37 1989
100 ## - MAIN ENTRY--PERSONAL NAME
Personal name Cartwright, Nancy
9 (RLIN) 4653
245 ## - TITLE STATEMENT
Title Nature's Capacities and their Measurement/
Statement of responsibility, etc Nancy Cartwright.
260 ## - PUBLICATION, DISTRIBUTION, ETC. (IMPRINT)
Place of publication, distribution, etc Oxford :
Name of publisher, distributor, etc Clarendon Press,
Date of publication, distribution, etc 1989.
300 ## - PHYSICAL DESCRIPTION
Extent 268p.
Dimensions 22 cm
500 ## - GENERAL NOTE
General note Includes bibliography and index.
650 ## - SUBJECT ADDED ENTRY--TOPICAL TERM
Topical term or geographic name as entry element Causality (Physics)
9 (RLIN) 13879
650 ## - SUBJECT ADDED ENTRY--TOPICAL TERM
Topical term or geographic name as entry element Probabilities
9 (RLIN) 2769
650 ## - SUBJECT ADDED ENTRY--TOPICAL TERM
Topical term or geographic name as entry element Physics
General subdivision Philosophy
9 (RLIN) 14185
650 ## - SUBJECT ADDED ENTRY--TOPICAL TERM
Topical term or geographic name as entry element Quantam theory
9 (RLIN) 14186
650 ## - SUBJECT ADDED ENTRY--TOPICAL TERM
Topical term or geographic name as entry element Econometrics
9 (RLIN) 13468
942 ## - ADDED ENTRY ELEMENTS (KOHA)
Source of classification or shelving scheme Library of Congress Classification
Item type Monograph ( Printed materials)
Holdings
Withdrawn status Lost status Source of classification or shelving scheme Damaged status Not for loan Collection code Home library Current library Shelving location Date acquired Total Checkouts Full call number Barcode Date last seen Date last borrowed Price effective from Koha item type Copy number
    Library of Congress Classification     Main Collection ARRUPE LIBRARY ARRUPE LIBRARY Main Collection 19/01/2015 1 QC6.4 C3 C37 1989 46500000246 02/07/2019 26/10/2018 19/01/2015 Monograph ( Printed materials)  
    Library of Congress Classification     Main Collection ARRUPE LIBRARY ARRUPE LIBRARY Main Collection 08/10/2020   QC6.4 C3 C37 1989 46600008353 08/10/2020   08/10/2020 Monograph ( Printed materials) 2

 

Arrupe Library. PO Box MP320 Mt Pleasant, Harare, Zimbabwe
263 242 745411|librarian@aju.ac.zw